Études offertes à Alfred Jauffret.
محفوظ في:
| المؤلف الرئيسي: | |
|---|---|
| التنسيق: | كتاب |
| منشور في: |
Aix-en-Provence, France:
Faculté de droit et de Science politique d'Aix-Marseille,
1974.
|
| الموضوعات: | |
| الوسوم: |
إضافة وسم
لا توجد وسوم, كن أول من يضع وسما على هذه التسجيلة!
|
MARC
| LEADER | 00000nam a22000007a 4500 | ||
|---|---|---|---|
| 003 | CL-VaPUC | ||
| 005 | 20231031155828.0 | ||
| 008 | 231024t1974 ||||| |||| 00| 0 eng d | ||
| 999 | |c 442170 |d 442168 | ||
| 040 | |c Pontificia Universidad Católica de Valparaíso | ||
| 082 | 0 | 4 | |2 22 |a 346.44 JAU 1974 |
| 100 | 1 | |a Jauffret, Alfred |9 386970 |e auteur | |
| 245 | 1 | 0 | |a Études offertes à Alfred Jauffret. |
| 260 | |a Aix-en-Provence, France: |b Faculté de droit et de Science politique d'Aix-Marseille, |c 1974. | ||
| 300 | |a 681 páginas. | ||
| 500 | |a c.1 Donación Jorge López Santa María. Memo N°039/2023 | ||
| 583 | |c 20231024 |k Catalogador Asistente | ||
| 650 | 1 | |a Derecho civil francés |9 395571 | |
| 650 | 1 | |a Derecho comercial francés |9 885363 | |
| 650 | 1 | |a Derecho francés |9 385145 | |
| 942 | |2 ddc |c BK | ||
| 952 | |0 0 |1 0 |2 ddc |4 0 |6 346_440000000000000_JAU_1974 |7 0 |8 A |9 592105 |a BIBDER |b BIBDER |d 2023-10-24 |e Donación |i 5659141 |o 346.44 JAU 1974 |p 5659141 |r 2023-10-24 |t 1 |w 2023-10-24 |y BK |k DER | ||